000 00304 a2200109 4500
001 ART_51809
005 20260410162044.0
008 260409a
245 1 0 _aRégimen de retención cuarta categoría
100 1 _aBaldo, Alberto
773 0 _tImpuestos
_g- N°87 (nov. 2020)
_wREV45175
999 _c35184
_d35184